| 000 | 01974nam0a2200409 4500 | ||
|---|---|---|---|
| 001 | RU\NLR\bibl\1464571 | ||
| 005 | 20260405193612.0 | ||
| 021 |
_aRU _b2009-94121 _95964 |
||
| 035 | _a(nilc)RSL-KNO-004415947 | ||
| 035 | _a(NLR Aleph) 001456313 | ||
| 090 |
_a1554952 _c1554952 |
||
| 100 | _a20091120d2009 |||y0rusy50 ca | ||
| 101 | 0 | _arus | |
| 102 | _aRU | ||
| 105 | _aa ||||||||| | ||
| 200 | 1 |
_aПрименение опалового сырья в производстве строительных материалов _fРадаев С.С., Иванов К.С., Иванов Н.К. |
|
| 210 |
_aТюмень _cТюменский государственный архитектурно-строительный университет _d2009 |
||
| 215 |
_a111 с. _cил. _d21 |
||
| 313 | _aпр-во жидкого стекла | ||
| 320 | _aБиблиогр.: с. 103-111 (161 назв.) | ||
| 606 | 1 |
_aОпаловые породы _xПрименение в производстве строительных материалов _92584836 _3RU\NLR\auth\661527860 |
|
| 606 | 1 |
_aСтекло жидкое _xПрименение для защитных покрытий _91095065 _3RU\NLR\auth\66430233 |
|
| 686 |
_aН331.001.2,07 _2rubbk |
||
| 686 |
_aЛ434.923,07 _2rubbk |
||
| 686 |
_aЛ434.42,07 _2rubbk |
||
| 686 | _aЛ434.923 | ||
| 686 | _aН311 | ||
| 700 | 1 |
_aРадаев _bС. С. _gСергей Сергеевич _4070 |
|
| 701 | 1 |
_4070 _8rus _7ca _aИванов _bК. С. _cканд. техн. наук, геокриология _gКонстантин Сергеевич _3RU\NLR\auth\7783510 _966438 |
|
| 701 | 1 |
_4070 _8rus _7ca _aИванов _bН. К. _cинженер-строитель _gНиколай Константинович _3RU\NLR\auth\7785358 _968286 |
|
| 801 | 0 |
_aRU _bРГБ _c20091120 _grcr |
|
| 801 | 1 |
_aRU _bРГБ _c20091120 |
|
| 801 | 2 |
_aRU _bNLR _c20100125 _grcr |
|
| 830 | _aавт. по кн. | ||
| 942 | _cBOOK | ||
| 980 | _aNB | ||